Quizzes
Events
Quiz Creation
Community
Videos
Private Events
Remove Ads
Sign In
Join for FREE
Feedback
Dark Mode
Quiz Categories
Sports
Geography
Music
Movies
Television
Just For Fun
Miscellaneous
History
Literature
Language
Science
Gaming
Entertainment
Religion
Holiday
For Kids
Quiz Lab
Recent
Popular Today
Quiz Kudos Today
Editor Picks
Curator Picks
Quizzes by...
Day
Popularity
Type
Ratings
Length
Year
Community
Subscriptions
Recent Discussions
Orange Saloon
Badges
Playlists
Quests
Create
Leaderboards
Showdown
Live 5
Trivia Bingo
Activity
Puzzle Library
Sporcle Events
Private Events
Virtual Trivia
Globe League
Become a Host
Pub Owners
SporcleCon
Opinionation
Our Games
Videos
Blog
Mobile Apps
Partnerships
Remove Ads and Go Orange
Feedback
Sports
Athletes
MLB
NBA
NHL
NFL
Soccer
Sports Teams
WWE
NCAA
Football
Premier League
Basketball
Baseball
Hockey
Golf
Tennis
Cricket
Rugby
Auto Racing
Olympics
World Cup
Sports
Athletes
MLB
NBA
NHL
NFL
Soccer
Sports Teams
WWE
NCAA
Football
Premier League
Basketball
Baseball
Hockey
Golf
Tennis
Cricket
Rugby
Auto Racing
Olympics
World Cup
Random Quiz
Search Sporcle
×
Quiz Lab
Quiz Lab
Sports
Sports Teams
Type in answers that appear in a list
Type in answers that appear in a list
Classic
Best Score? Go Orange.
Big Four 'People' Mascots Stats
Can you name the Big Four 'People' Mascots?
By
shoesler
4m
31 Questions
169 Plays
169 Plays
169 Plays
Comments
Comments
Give Quiz Kudos
Give Quiz Kudos
-
- Ratings
hide this ad
More Info
Replay
Link that replays current quiz
Next Quiz
Link to next quiz in quiz playlist
You Got
0%
They Got
Avg Score
54%
Avg Friend Score
Upgrade to see
Score Distribution
Jump to the score distribution portion of the page
Score
0/31
Timer
04:00
0
Plays Today
League
Mascot
% Correct
NFL
Patriots
75.1%
NFL
Redskins
70.4%
MLB
Rangers
69.2%
NHL
Rangers
69.2%
NFL
Cowboys
65.7%
MLB
Indians
65.1%
MLB
Yankees
63.9%
MLB
Pirates
61.5%
NFL
Buccaneers
61.5%
NFL
Raiders
60.9%
NFL
Packers
60.4%
NFL
Vikings
58.6%
NFL
Texans
58%
NFL
49ers
56.8%
NFL
Steelers
56.2%
NHL
Canadiens
54.4%
League
Mascot
% Correct
NFL
Chiefs
53.8%
MLB
Braves
52.1%
NBA
Celtics
52.1%
NFL
Saints
49.7%
MLB
Padres
48.5%
NHL
Senators
47.9%
NBA
Lakers
46.7%
NHL
Islanders
45.6%
MLB
Brewers
44.4%
NHL
Oilers
43.8%
NHL
Blackhawks
42.6%
NHL
Canucks
42%
NBA
Knicks
42%
MLB
Phillies
39.1%
NBA
76ers
35.5%
Quiz Playlist
Details
Report
Send in Message
Add To Playlist
More Info:
Mascots chosen that apply only to humans.
Classic:
Type in answers that appear in a list
Last Updated: Feb 16, 2017
Quiz Scoreboard
CHALLENGE
Sign Up to Join the Scoreboard
Show All
Scores
Hide
Comments
May contain spoilers
Recently Published
Movies - When Are They Set?
by FPL_Elf
Movies
5m
Popular People in 1961
by mucciniale
History
6m
1-10 Letter E Words III
by El_Dandy
Language
2m
More to Explore
Quiz From the Vault
Featured Blog Post
Where Did the Easter Bunny Come From?
hide this ad
You Might Also Like...
Tags
Sports Teams Quiz
Big 4
four
League
mascot
Today's Top Quizzes in Sports
Browse Sports
hide this ad
Today's Top Quizzes in Sports Teams
Browse Sports Teams
Top Contributed Quizzes in Sports
1
Les meilleurs buteurs des matchs entre le PSG et l’OM
2
FIFA Club World Cup Champions
3
Les entraîneurs de l'OM et du PSG au 21e siècle
4
2022 World Cup Stars
5
Name the Premier League winners with different clubs
6
La finale Lions - Afrique du Sud 2021
7
Criteria MLB: Left Handed Sluggers
8
Les joueurs passés par le LOSC et le RC Lens
9
Players with Multiple 50 Home Run Seasons
10
MLB Players with Two .350 Batting Average Seasons
Explore More
Trending Topics
Disney
Crossword
Harry Potter
Kpop
NBA
Marvel
Anime
Pokémon
Soccer
WWE
The Office
Country
Song
NFL
Puzzle
hide this ad
More By:
shoesler
Quiz
Plays
Rating
Category
Featured
Created
Countries of Africa Largest to Smallest
854
4.50
Geography
Jan 31, 2010
Top Countries of Origin in NYC
519
3.20
Geography
Jan 19, 2011
Bill Murray Movies by Quote
497
3.67
Movies
Dec 16, 2009
Largest Confederate Cities
448
4.75
Geography
Mar 22, 2011
America's Smartest Cities
398
2.33
Geography
Jan 16, 2010
Go to Creator's Profile
Score Distribution
Quiz Creator Spotlight
shoesler
Follow
Send a Message
Quizzes Created
-
Created Quiz Play Count
-
More By This Creator
Popular Quizzes Today
1
Find the Countries of Europe - No Outlines Minefield
2
Find the US States - No Outlines Minefield
3
The Countries of the World
4
Popular People in 1961
5
1-10 Letter E Words III
6
US States
7
Find the US States
8
One Thing in Common: World Cities II
More Sports Quizzes
March Madness wins in the 2010s
Curator's Pick
Trending Quizzes
Risky Map Clicking: Least Populous States A-Z
Humor Books: The Subtitles
1-10 Letter F Words
1-10 Letter G Words
One Thing in Common: United Kingdom
Recently Updated
Leaping Animals
pecheneg
Reality TV Shows (A-Z)
bhenderson79
Rickey Henderson's Hall of Fame Teammates
pecheneg
Champions League XIs: Arsenal
pecheneg
Quick Pick: Celebrities in WWE's Hall of Fame
aduchscher
A-Z Keypad Blitz II
pecheneg
Multiple Oscar Actors
pecheneg
Mystery Phrase Blitz: Oscar 'Best Actors'
pecheneg
F. Scott Fitzgerald Novels
LTH
Pick 3 Villains
ddd62291
Trending Topics
Harry Potter
Kpop
Anime
Crossword
Marvel
Disney
NBA
Pokémon
Puzzle
Song
WWE
The Office
NFL
Country
Soccer
Your Account Isn't Verified!
In order to create a playlist on Sporcle, you need to verify the email address you used during registration. Go to your
Sporcle Settings
to finish the process.
Report this User
Report this user for behavior that violates our
Community Guidelines
.
Details:
Send Report
Go to the Sporcle.com Mobile Site →
Comments